| 000 | 00522nam a2200193 a 4500 | ||
|---|---|---|---|
| 001 | 1766046744787 | ||
| 003 | YourLibrary | ||
| 005 | 20251222113207.0 | ||
| 008 | 251218s2002##################000#0#eng## | ||
| 020 | _a9780820455822 | ||
| 082 | 0 | 4 |
_a234.163 _bMUR |
| 100 | 1 |
_aMurken, Todd B., _eauthor. |
|
| 245 | 1 | 0 | _aTake and Eat, and Take the Consequences : |
| 260 |
_bPeter Lang Pub Incorporated, _c2002. |
||
| 300 | _a314 pages | ||
| 650 | 0 | _aReligion. | |
| 942 | _cENGLISH | ||
| 040 |
_aYourLibrary _beng _cYourLibrary |
||
| 999 |
_c604014 _d604014 |
||